000 00631nam a2200193 i 4500
001 77063
003 ES-MaACL
005 20230906173058.0
007 t|
008 041006s1977 mx ||||1| spa d
100 1 _aGuyton, Arthur C.
_961279
245 1 0 _aTratado de Fisiología médica /
_cArthur C. Guyton ; traducido por Alberto Folch y Pi, Roberto Espinosa Zarza.
250 _a5ª ed.
260 _aMéxico :
_bInteramericana,
_c[1977]
300 _aXXX, 1159 p., 6 lám. :
_bil. ;
_c26 cm.
700 1 _aFolch i Pi, Alberto.
_951452
700 1 _aEspinosa Zarza, Roberto.
_947924
852 _aES-MaACL
_jA-10824
_bR.100129
999 _c77063
_d77063